| Tag |
First Indicator |
Second Indicator |
Subfields |
| LEADER |
00000cam a2200000 a 4500 |
| 001 |
in00001403475 |
| 005 |
20151020055530.0 |
| 008 |
970602s1997 gw a b 001 0 eng |
| 010 |
|
|
|a 97024992
|
| 020 |
|
|
|a 3540631038 (soft cover : alk. paper)
|
| 035 |
|
|
|a (OCoLC)37031061
|
| 035 |
|
|
|9 AHN4724AM
|
| 040 |
|
|
|a DLC
|c DLC
|d TXA
|d UtOrBLW
|
| 049 |
|
|
|a TXAM
|
| 050 |
0 |
0 |
|a QA3
|b .L28 no. 1662
|a QA612.78
|
| 082 |
0 |
0 |
|a 510 s
|a 514/.2
|2 21
|
| 100 |
1 |
|
|a Rutter, John W.,
|d 1935-
|
| 245 |
1 |
0 |
|a Spaces of homotopy self-equivalences :
|b a survey /
|c John W. Rutter.
|
| 264 |
|
1 |
|a Berlin ;
|a New York :
|b Springer,
|c [1997]
|
| 264 |
|
4 |
|c ©1997
|
| 300 |
|
|
|a ix, 170 pages :
|b illustrations ;
|c 24 cm.
|
| 336 |
|
|
|a text
|b txt
|2 rdacontent
|
| 337 |
|
|
|a unmediated
|b n
|2 rdamedia
|
| 338 |
|
|
|a volume
|b nc
|2 rdacarrier
|
| 490 |
1 |
|
|a Lecture notes in mathematics,
|x 0075-8434 ;
|v 1662
|
| 504 |
|
|
|a Includes bibliographical references (pages [138]-162) and index.
|
| 650 |
|
0 |
|a Homotopy groups.
|
| 650 |
|
0 |
|a Homotopy equivalences.
|
| 650 |
|
0 |
|a H-spaces.
|
| 830 |
|
0 |
|a Lecture notes in mathematics (Springer-Verlag) ;
|v no.1662.
|
| 948 |
|
|
|a c:blr
|
| 999 |
|
|
|a MARS
|
| 999 |
f |
f |
|s 18d51826-4223-3042-be13-0c04e454e76b
|i 67ecd791-aa27-3e59-8c91-8e8d5e29458c
|t 0
|
| 952 |
f |
f |
|p ric
|a Texas A&M University
|b Rellis Campus
|c Joint Library Facility
|d Remote Storage
|t 0
|e QA3 .L28 no.1662
|h Library of Congress classification
|i unmediated -- volume
|m A14822102338
|
| 998 |
f |
f |
|a QA3 .L28 no.1662
|t 0
|l Remote Storage
|